Technology of Synthetic Dyes, Pigments & Intermediates (Record no. 565759)

000 -LEADER
fixed length control field 00287nam a2200109Ia 4500
008 - FIXED-LENGTH DATA ELEMENTS--GENERAL INFORMATION
fixed length control field 210430s9999 xx 000 0 und d
020 ## - INTERNATIONAL STANDARD BOOK NUMBER
International Standard Book Number 9788186732519
082 ## - DEWEY DECIMAL CLASSIFICATION NUMBER
Classification number 667.2 E359T
245 ## - TITLE STATEMENT
Title Technology of Synthetic Dyes, Pigments & Intermediates
300 ## - PHYSICAL DESCRIPTION
Extent 605p.
942 ## - ADDED ENTRY ELEMENTS (KOHA)
Koha item type Reference
Source of classification or shelving scheme
Holdings
Withdrawn status Lost status Damaged status Not for loan Permanent Location Current Location Shelving location Date acquired Total Checkouts Full call number Barcode Date last seen Price effective from Koha item type
        School of Chemical & Materials Engineering (SCME) School of Chemical & Materials Engineering (SCME) Reference 12/16/8   667.2 E359T SCME-4708 04/30/2021 04/30/2021 Reference
© 2023 Central Library, National University of Sciences and Technology. All Rights Reserved.